000 00541nam a2200193Ia 4500
008 101110s9999 xx 000 0 und d
041 _aENGLISH
082 _bSR23859
100 _aAjgaonkar Maheshwari and Pathak Anuradha
245 _aBusiness Systems And The Society-(F.Y.B.COM.)
365 _b100
520 _aCommerce
546 _aENGLISH
630 _aBusiness Systems And The Society-(F.Y.B.COM.)
650 _aCommerce
655 _aCommerce
730 _aBusiness Systems And The Society-(F.Y.B.COM.)
942 _cBOOK
999 _c816548
_d816545